00695 a2200121 4500082001900000100001500019245001800034260003500052300003100087505041000118650003100528700001400559 a759.054bC619i aClay, Jean aImpressionism aItalybLibraire Hachettec1973 a319 pbil (a color)c32 cm tPreface by Rene HuyghetIntroductiontThe Events, The MentThe PrecursorstThe Artist's Point of View ShiftstObjects and Environment InterpenetratetColor Acquires Its IndependencetThe Work Is... A Section of NaturetThe Painter Minimizes Perspective...tThe Artist Solicits the Spectator's Optic Nerve...tPrices by Franȯis Duret-RoberttIndex of PainterstList of IlustrationstBibliographytCredits xPintura francesaxHistoria aJean Clay